<?xml version="1.0" encoding="UTF-8"?>
<marc:record xmlns:marc="http://www.loc.gov/MARC21/slim">
   <marc:leader>00000nam a2200000 a 4500</marc:leader>
   <marc:datafield ind1="1" ind2=" " tag="100">
      <marc:subfield code="a">Reich, Stefanie</marc:subfield>
   </marc:datafield>
   <marc:datafield ind1="1" ind2=" " tag="100">
      <marc:subfield code="a">Ottenschläger, Madlen</marc:subfield>
      <marc:subfield code="4">aut</marc:subfield>
      <marc:subfield code="e">Verfasser/-in</marc:subfield>
   </marc:datafield>
   <marc:datafield ind1=" " ind2=" " tag="653">
      <marc:subfield code="a">Reise</marc:subfield>
   </marc:datafield>
   <marc:datafield ind1=" " ind2=" " tag="653">
      <marc:subfield code="a">Bilderbuch</marc:subfield>
   </marc:datafield>
   <marc:datafield ind1=" " ind2=" " tag="653">
      <marc:subfield code="a">Erzählerische Bilderbücher</marc:subfield>
   </marc:datafield>
   <marc:datafield ind1=" " ind2=" " tag="653">
      <marc:subfield code="a">bilderbuch</marc:subfield>
   </marc:datafield>
   <marc:datafield ind1=" " ind2=" " tag="653">
      <marc:subfield code="a">kinderbuch</marc:subfield>
   </marc:datafield>
   <marc:datafield ind1=" " ind2=" " tag="653">
      <marc:subfield code="a">kinderbuch ab 4</marc:subfield>
   </marc:datafield>
   <marc:datafield ind1=" " ind2=" " tag="653">
      <marc:subfield code="a">geschenk 4jährige</marc:subfield>
   </marc:datafield>
   <marc:datafield ind1=" " ind2=" " tag="653">
      <marc:subfield code="a">geschenk 4 geburtstag</marc:subfield>
   </marc:datafield>
   <marc:datafield ind1=" " ind2=" " tag="653">
      <marc:subfield code="a">kinderbuch england</marc:subfield>
   </marc:datafield>
   <marc:datafield ind1=" " ind2=" " tag="653">
      <marc:subfield code="a">kinderbuch vereinigtes königreich</marc:subfield>
   </marc:datafield>
   <marc:datafield ind1=" " ind2=" " tag="653">
      <marc:subfield code="a">Vanlife Buch</marc:subfield>
   </marc:datafield>
   <marc:datafield ind1=" " ind2=" " tag="653">
      <marc:subfield code="a">Camping mit Kindern</marc:subfield>
   </marc:datafield>
   <marc:datafield ind1=" " ind2=" " tag="653">
      <marc:subfield code="a">kinderbuch reisen</marc:subfield>
   </marc:datafield>
   <marc:datafield ind1=" " ind2=" " tag="653">
      <marc:subfield code="a">Reisen mit Kindern</marc:subfield>
   </marc:datafield>
   <marc:datafield ind1=" " ind2=" " tag="653">
      <marc:subfield code="a">outdoor kinderbuch</marc:subfield>
   </marc:datafield>
   <marc:datafield ind1="0" ind2="0" tag="245">
      <marc:subfield code="a">Otto fährt los - eine Reise nach England</marc:subfield>
   </marc:datafield>
   <marc:datafield ind1="0" ind2="0" tag="245">
      <marc:subfield code="c">Ottenschläger, Madlen</marc:subfield>
   </marc:datafield>
   <marc:datafield ind1=" " ind2="1" tag="264">
      <marc:subfield code="a">München</marc:subfield>
      <marc:subfield code="b">arsEdition</marc:subfield>
      <marc:subfield code="c">2026</marc:subfield>
   </marc:datafield>
   <marc:datafield ind1="1" ind2=" " tag="520">
      <marc:subfield code="a">"Aufwachen, Otto, es geht los!" &#xD;
Mit diesem Satz beginnt für Campingbus OTTO ein unvergessliches Ferienabenteuer. OTTO ist nämlich kein gewöhnlicher Bus. Er kann sich breiter machen, wenn es für Kuscheltiere zu eng wird und hat sogar noch Platz für ganz viele Leckereien, die seine Urlaubsfamilie, bestehend aus dem getrennterziehenden Papa Martin und den Kindern Arthur und Freda, Aunty Lilly und Dackel Daisy nach England mitbringen will.&#xD;
Im 3. Band der Reihe startest du gemeinsam mit OTTO in ein typisch britisches Abenteuer nach England:Detektivspielen mit Sherlock Holmes&#xD;
Großstadtgewusel in LondonCampen auf den schönsten KüstenstellplätzenBesuche von sagenumwobenen Burgruinen und Robin Hoods Sherwood ForestTeatime am Cottage und Fish &amp; Chips im Hafen&#xD;
&#xD;
&#xD;
&#xD;
Jedes Buch ein neues Land, jede Reise ein neues Camping-Abenteuer&#xD;
Die Bilderbuchserie „OTTO fährt los“ ist eine Einladung zum Träumen, Lachen und Staunen – perfekt zum gemeinsamen Lesen oder als gemütliches Vorlesebuch ab 4 Jahren. Ein Highlight für die nächste Urlaubsreise und ein echtes Camping-Must-have für alle Kinder!wunderschön ausgedacht, illustriert und geschrieben vom Erfolgsduo Stefanie Reich &amp; Madlen Ottenschlägerideales Geschenk für alle, die Camping, Urlaub und Natur liebenkindgerechte Inhalte: stärkten Fantasie, Mut &amp; Zusammenhalt</marc:subfield>
   </marc:datafield>
   <marc:datafield ind1=" " ind2=" " tag="020">
      <marc:subfield code="a">9783845858920</marc:subfield>
      <marc:subfield code="9">9783845858920</marc:subfield>
   </marc:datafield>
   <marc:datafield ind1=" " ind2=" " tag="020">
      <marc:subfield code="a">3845858923</marc:subfield>
      <marc:subfield code="9">3845858923</marc:subfield>
   </marc:datafield>
   <marc:datafield ind1=" " ind2=" " tag="041">
      <marc:subfield code="a">ger</marc:subfield>
   </marc:datafield>
   <marc:datafield ind1=" " ind2=" " tag="300">
      <marc:subfield code="b">1 Karte</marc:subfield>
   </marc:datafield>
   <marc:datafield ind1="1" ind2=" " tag="521">
      <marc:subfield code="a">Vorschulkind</marc:subfield>
   </marc:datafield>
   <marc:datafield ind1=" " ind2=" " tag="338">
      <marc:subfield code="a">Band</marc:subfield>
   </marc:datafield>
   <marc:datafield ind1=" " ind2=" " tag="300">
      <marc:subfield code="a">circa 36 Seiten</marc:subfield>
   </marc:datafield>
</marc:record>
